Des-trozos literarios / (Record no. 166853)

MARC details
000 -LEADER
campo de control de longitud fija 00891nam a2200229 i 4500
001 - NÚMERO DE CONTROL
campo de control 166853
003 - IDENTIFICADOR DE NÚMERO DE CONTROL
campo de control ES-MaACL
005 - FECHA Y HORA DE LA ÚLTIMA TRANSACCIÓN
campo de control 20251011063150.0
008 - DATOS DE LONGITUD FIJA--INFORMACIÓN GENERAL
campo de control de longitud fija 021003s1899 sp |||| | spa d
040 ## - FUENTE DE CATALOGACIÓN
Centro catalogador/agencia de origen EUS
Lengua de catalogación spa
Centro/agencia transcriptor EUS
080 ## - NÚMERO DE LA CLASIFICACIÓN DECIMAL UNIVERSAL
Número de la Clasificación Decimal Universal 821.134.2-82"18
100 1# - ENTRADA PRINCIPAL--NOMBRE DE PERSONA
Nombre de persona Valbuena, Antonio de,
Fechas asociadas al nombre 1844-1929
9 (RLIN) 112452
245 10 - MENCIÓN DEL TÍTULO
Título Des-trozos literarios /
Mención de responsabilidad, etc. por Antonio de Valbuena (Miguel de Escalada).
246 33 - FORMA VARIANTE DEL TITULO
Título propio/Titulo breve Des-trozos literarios
260 ## - PUBLICACIÓN, DISTRIBUCIÓN, ETC.
Lugar de publicación, distribución, etc. Madrid :
Nombre del editor, distribuidor, etc. Librería general de Victoriano Suárez,
Fecha de publicación, distribución, etc. 1899 (
Fabricante Imp. del Asilo de Huérfanos del S.C. de Jesús)
300 ## - DESCRIPCIÓN FÍSICA
Extensión 285 p. ;
Dimensiones 19 cm.
530 ## - NOTA DISPONIBLE DE FORMULARIO FÍSICO ADICIONAL
Nota de formato físico adicional disponible Disponible en formato digital.
594 ## - Nota al título y mención de responsabilidad
Nota al título y mención de responsabilidad Miguel de Escalada es seud. de Antonio de Valbuena.
852 ## - LOCALIZACIÓN
Ubicación ES-MaACL
Número de control de estantería F-10851
Nota libre - Enc. hol.
856 ## - LOCALIZACIÓN Y ACCESO ELECTRÓNICOS
Identificador Uniforme de Recursos <a href="http://bdh-rd.bne.es/viewer.vm?id=0000247020&page=1 ">http://bdh-rd.bne.es/viewer.vm?id=0000247020&page=1 </a>
Nota pública Biblioteca Digital Hispánica
Holdings
Estatus retirado Estado de pérdida Estado de daño No para préstamo Colección Biblioteca de origen Biblioteca actual Ubicación en estantería Fecha de adquisición Fuente de adquisición Total de préstamos Signatura topográfica completa Código de barras Visto por última vez Precio de reemplazo Tipo de ítem Koha
        Colección digital Biblioteca del Ateneo de Madrid Biblioteca del Ateneo de Madrid Sala Pecera Planta 2 17/01/2008     F-10851 1175019 23/02/2023 23/02/2023 Libro impreso antiguo